000 00528nam a22001817a 4500
999 _c184412
_d184412
005 20220418170913.0
010 _aENG-131257
020 _a978-93-5322-459-2
_c395.00
035 _aEN-114789
037 _bDBAD
082 _a510
100 _aJain, Anshul
245 _aMathematics:
_bM Sc Entrance Examination/
_cAnshul Jain & Sumit Jain
260 _aNew Delhi
_bPrabhat Prakashan
_c2019
270 _bNew Delhi
_a4/19, Asaf Ali Road
_e110002
300 _a512p.
_c28cm(pbk)
942 _2ddc
_cEN
_h510
_mJAI